Europa en el año 2000 / (Record no. 61340)

MARC details
000 -LEADER
campo de control de longitud fija 00871nam a2200241 i 4500
001 - NÚMERO DE CONTROL
campo de control 61340
003 - IDENTIFICADOR DE NÚMERO DE CONTROL
campo de control ES-MaACL
005 - FECHA Y HORA DE LA ÚLTIMA TRANSACCIÓN
campo de control 20250801043712.0
007 - CAMPO FIJO DE DESCRIPCIÓN FÍSICA--INFORMACIÓN GENERAL
campo de control de longitud fija t|
008 - DATOS DE LONGITUD FIJA--INFORMACIÓN GENERAL
campo de control de longitud fija 031111s1974 sp |||| | spa d
245 00 - MENCIÓN DEL TÍTULO
Título Europa en el año 2000 /
Mención de responsabilidad, etc. prólogo de Luis Díez del Corral ; versión de Ernestina Champourcin.
260 ## - PUBLICACIÓN, DISTRIBUCIÓN, ETC.
Lugar de publicación, distribución, etc. Madrid :
Nombre del editor, distribuidor, etc. Revista de Occidente,
Fecha de publicación, distribución, etc. [1974]
300 ## - DESCRIPCIÓN FÍSICA
Extensión 354 p. ;
Dimensiones 21 cm.
490 1# - MENCIÓN DE SERIE
Mención de serie Biblioteca de política y sociología ;
Designación de volumen o secuencia 21
594 ## - Nota al título y mención de responsabilidad
Nota al título y mención de responsabilidad Precede al tít.: Fundación Cultural Europea.
651 #4 - PUNTO DE ACCESO ADICIONAL DE MATERIA--NOMBRE GEOGRÁFICO
Nombre geográfico Europa-
Subdivisión general Descripción.
9 (RLIN) 8594
700 1# - ENTRADA AGREGADA--NOMBRE PERSONAL
Nombre de persona Díez del Corral, Luis.
9 (RLIN) 44718
700 1# - ENTRADA AGREGADA--NOMBRE PERSONAL
Nombre de persona Champourcin, Ernestina de,
Fechas asociadas al nombre 1905-1999
9 (RLIN) 37933
710 2# - ENTRADA AGREGADA--NOMBRE DE ENTIDAD CORPORATIVA
Nombre de entidad corporativa o nombre de jurisdicción como elemento de entrada Fundación Cultural Europea.
9 (RLIN) 4263
830 0# - PUNTO DE ACCESO ADICIONAL DE SERIE-TÍTULO UNIFORME
Título uniforme Biblioteca de política y sociología ;
Designación de volumen o secuencia 21
9 (RLIN) 187480
852 ## - LOCALIZACIÓN
Ubicación ES-MaACL
Número de control de estantería E-7075
Holdings
Estatus retirado Estado de pérdida Estado de daño No para préstamo Biblioteca de origen Biblioteca actual Ubicación en estantería Fecha de adquisición Fuente de adquisición Total de préstamos Signatura topográfica completa Código de barras Visto por última vez Precio de reemplazo Tipo de ítem Koha
        Biblioteca del Ateneo de Madrid Biblioteca del Ateneo de Madrid Depósito 2 17/01/2008     E-7075 1064322 23/02/2023 23/02/2023 Libro impreso